GDPR: základem je selský rozum!
Problematika implemenácie GDPR v oblasti bankovníctva. Jedným z hlavných problémov je nejasný výklad pomerne obecných pravidiel GDPR v konkrétnych situáciách v spojitosti s vysokými sankciami. Cieľom implementačného tímu je zaistiť jednotný výklad GDPR, vytvoriť štandardy a zákony, ktoré by viac šp...
Guardado en:
| Formato: | Capítulo de libro |
|---|---|
| Lenguaje: | checo |
| Materias: | |
| Etiquetas: |
Sin Etiquetas, Sea el primero en etiquetar este registro!
|
MARC
| LEADER | 00000naa a2200000 4500 | ||
|---|---|---|---|
| 001 | 0238749 | ||
| 005 | 20221104110426.8 | ||
| 041 | 0 | |a cze | |
| 044 | |a CZ | ||
| 245 | 1 | 0 | |a GDPR: základem je selský rozum! |
| 520 | |a Problematika implemenácie GDPR v oblasti bankovníctva. Jedným z hlavných problémov je nejasný výklad pomerne obecných pravidiel GDPR v konkrétnych situáciách v spojitosti s vysokými sankciami. Cieľom implementačného tímu je zaistiť jednotný výklad GDPR, vytvoriť štandardy a zákony, ktoré by viac špecifikovali rozsah a spôsob spracovania osobných údajov v bankovom sektore. | ||
| 610 | 2 | 0 | |a bankovníctvo |
| 610 | 2 | 0 | |a bezpečnosť elektronická |
| 610 | 2 | 0 | |a regulácia |
| 610 | 2 | 0 | |a legislatíva |
| 610 | 2 | 0 | |a novelizácia |
| 610 | 2 | 0 | |a ochrana údajov osobných |